Statistics for Name the Country from Hints

Click here to take the quiz!

General Stats

  • This quiz has been taken 1,359 times
  • The average score is 11 of 15

Answer Stats

HintAnswer% Correct
Only victim of the Atom bomb in warJapan
94%
Won the most FIFA World CupsBrazil
91%
Home of world's highest mountainNepal
91%
Home of the first man in spaceRussia
91%
Longest coastlineCanada
81%
European country with the 2nd most spoken language in the world (by native speakers)Spain
81%
Is called 'Hellas' in its own languageGreece
76%
Hosted 2012 OlympicsUnited Kingdom
76%
Southernmost countryChile
75%
Largest country in Africa (area)Algeria
74%
Smallest country (area)Vatican City
74%
World's youngest countrySouth Sudan
69%
Birthplace of Novak DjokovicSerbia
65%
The focus country in the film 'Cool Runnings'Jamaica
50%
Country whose flag's only colours are black and redAlbania
31%

Score Distribution

Percentile by Number Answered

Percent of People with Each Score

Your Score History

You have not taken this quiz